| 000 -LEADER |
| fixed length control field |
00347nam a2200145Ia 4500 |
| 008 - FIXED-LENGTH DATA ELEMENTS--GENERAL INFORMATION |
| fixed length control field |
180730s9999||||xx |||||||||||||| ||und|| |
| 020 ## - INTERNATIONAL STANDARD BOOK NUMBER |
| International Standard Book Number |
9789352605439 |
| 082 ## - DEWEY DECIMAL CLASSIFICATION NUMBER |
| Classification number |
658 |
| Item number |
ASW/H |
| 100 ## - MAIN ENTRY--PERSONAL NAME |
| Personal name |
Aswathappa, K |
| 245 #0 - TITLE STATEMENT |
| Title |
Human Resource Management |
| 250 ## - EDITION STATEMENT |
| Edition statement |
8th |
| 260 ## - PUBLICATION, DISTRIBUTION, ETC. |
| Place of publication, distribution, etc. |
Chennai |
| Name of publisher, distributor, etc. |
McGraw Hill Education |
| Date of publication, distribution, etc. |
2017 |
| 300 ## - PHYSICAL DESCRIPTION |
| Extent |
858 |
| 942 ## - ADDED ENTRY ELEMENTS (KOHA) |
| Koha item type |
Book |